Score 0/35 Timer 03:00
1 Play Today
Question Answer Wrong Answers
Sweden
87.6%
0.5%
0.5%
1.2%
Finland
86.3%
1.2%
0.7%
1.7%
Italy
86%
0.3%
0.4%
3.2%
Denmark
84.9%
0.8%
2.5%
1.7%
Poland
82%
4.9%
0.9%
1.8%
Canada
81.1%
1%
7.1%
0.8%
Vietnam
79.7%
0.5%
3.4%
5.6%
Ukraine
77.2%
5.4%
2.8%
4%
Netherlands
74.2%
1.8%
2.5%
11%
Mexico
74%
13.1%
2%
0.8%
Argentina
73.1%
1.4%
1.8%
13.4%
Egypt
72.9%
5.3%
2.4%
8.7%
Morocco
72.1%
8.6%
4.1%
4.4%
Côte d'Ivoire
68.1%
9.8%
9.2%
1.6%
Albania
67.8%
9.2%
8.2%
3.8%
Romania
67.6%
2.2%
3.9%
15.6%
Barbados
65.5%
6.9%
14.6%
1.6%
Indonesia
64.2%
7.7%
8.6%
8.3%
Armenia
62.9%
1.7%
10.3%
13.2%
Monaco
60.8%
5.6%
5%
17.2%
Madagascar
59.8%
0.8%
17.4%
10.5%
Kyrgyzstan
59.4%
9.9%
5.5%
13%
Andorra
59.1%
6.4%
16.7%
6.3%
Somalia
59%
9.7%
14.2%
5.6%
Palestine
58.9%
16.8%
4.3%
8.4%
Sudan
55.3%
13.7%
0.9%
18.3%
Azerbaijan
54%
22.9%
5.3%
5.6%
Benin
49.9%
1.8%
17.5%
18.3%
Bahamas
48.2%
5.6%
19.1%
15.8%
Gabon
47.6%
12.9%
25.6%
1.4%
Bolivia
46.3%
29%
6%
6.9%
Guinea
41.4%
26.2%
1.3%
18.9%
Cameroon
39.7%
29.1%
11.9%
7.3%
Sierra Leone
38.6%
10.9%
22.9%
15.2%
Yemen
31.5%
14.4%
7%
35.1%
Remove Ads.
Support Sporcle.
Get the best of Sporcle when you Go Orange. This ad-free experience offers more features, more stats, and more fun while also helping to support Sporcle. Thank you for becoming a member.

You're not logged in!

Compare scores with friends on all Sporcle quizzes.
OR
Log In

Show Comments

Extras

Top Quizzes Today


Score Distribution

Your Account Isn't Verified!

In order to create a playlist on Sporcle, you need to verify the email address you used during registration. Go to your Sporcle Settings to finish the process.

Report this User

Report this user for behavior that violates our Community Guidelines.

Details: